00349 a2200121 4500001000700000020000600007040001100013100004400024240007200068245006700140362000900207440001100216169559 a  cMagnum aSena, Maria das Gracas de Castro (Org.)10aOrientacao educacional no cotidiano das 1ª series do 1º graulpor10aOrientacao educacional no cotidiano das 1ª series do 1º grau0 a1899 1aLoyola